| 000 | 00384nam a2200133Ia 4500 | ||
|---|---|---|---|
| 008 | 230917s9999||||xx |||||||||||||| ||und|| | ||
| 040 |
_e90726 _aMAIN |
||
| 041 | _aEnglish | ||
| 082 | _a617.7 J199S | ||
| 100 | _aJain, Prem Kumar | ||
| 245 | 0 | _aStudy of serum vitamin a tear film break uptime and their relation to cholesterol in diabetic retinopathy | |
| 300 | _a62 p. | ||
| 942 | _cTH | ||
| 999 |
_c72343 _d72343 |
||